Manual del frugívoro : tratado monográfico de las frutas más conocidas en México con explicación detallada de sus excelentes propiedades alimenticias y medicinales /
Guardado en:
| Autor principal: | |
|---|---|
| Otros autores: | |
| Formato: | Libro |
| Idioma: | Español |
| Colección: | (El Pensamiento del Hombre sobre el Arbol ;
3) |
| Temas: | |
| Etiquetas: |
Sin etiquetas, Sé el primero en etiquetar este registro!
|
MARC
| LEADER | 00000nam^a2200000^a^4500 | ||
|---|---|---|---|
| 001 | 000189544 | ||
| 005 | 20250521000000.0 | ||
| 009 | 20260310102418.693 | ||
| 037 | |a Acervo ITESO - Biblioteca | ||
| 041 | |a ESP | ||
| 082 | |a 615. 882 |b ZUN | ||
| 100 | |a Zuno Hernández, José Guadalupe |e (autor) | ||
| 245 | 1 | 0 | |a Manual del frugívoro : |b tratado monográfico de las frutas más conocidas en México con explicación detallada de sus excelentes propiedades alimenticias y medicinales / |c J.G. Zuno Hernández, M. García García. |
| 246 | 2 | |a Título en la cubierta: El pensamiento del hombre sobre el árbol | |
| 264 | |a Guadalajara, México : |b Gobierno del Estado de Jalisco, Comisión Forestal del Estado de Jalisco, |c 1973 | ||
| 300 | |a III, | ||
| 336 | |a texto |b txt |2 rdacontenido | ||
| 337 | |a sin mediación |b n |2 rdamedio | ||
| 338 | |a volumen |b nc |2 rdasoporte | ||
| 440 | 4 | |a (El Pensamiento del Hombre sobre el Arbol ; |v 3) | |
| 649 | |a XX | ||
| 650 | |a Frutas - |z México - |x Tema Principal | ||
| 650 | |a Nutrición | ||
| 650 | |a Plantas Medicinales - |z México | ||
| 650 | |a Medicina Popular - |z México | ||
| 740 | 0 | |a Manual del fitoterapia : |b las enfermedades más comunes y su tratamiento con hierbas medicinales / |c J.G. Zuno Hernández, M. García García. | |
| 740 | 0 | |a Manual de botánica medicinal : |b tratado monográfico de plantas medicinales : adaptado para uso popular / |c J.G. Zuno Hernández, M. García García. | |
| 700 | |a García García, Manuel |e (autor) | ||
| 910 | |a Fondo Julio de la Peña Lomelín | ||
| 920 | |a Impresos - Libros | ||
| 930 | |a Arquitectos Jaliscienses | ||
| 905 | |a 115 | ||
| 901 | |a 0500132668 |b IT1 |c JAL |u 20250521 | ||
| 902 | |a https://opac.biblio.iteso.mx/vufind/Record/000189544 | ||